Miraculum miraculorum Ó, csodák csodája kellesz-e minekünk? [Avagy szüksége van-e az egyénnek és a közösségnek a csodára] /

Elmentve itt :
Bibliográfiai részletek
Szerző: Gyulai Edina
További közreműködők: T. Molnár Gizella (Témavezető)
Dokumentumtípus: Szakdolgozat
Megjelent: 1995
Tárgyszavak:
Online Access:http://diploma.bibl.u-szeged.hu/105492
LEADER 00817nta a2200205 i 4500
001 dipl105492
005 20210202161655.0
008 210202s1995 hu om 0|| zxx d
040 |a SZTE Diploma Repozitórium  |b hun 
041 |a zxx 
100 1 |a Gyulai Edina 
245 1 0 |a Miraculum miraculorum Ó, csodák csodája kellesz-e minekünk? [Avagy  |h [elektronikus dokumentum] :  |b szüksége van-e az egyénnek és a közösségnek a csodára] /  |c Edina Gyulai 
260 |c 1995 
650 4 |a Bölcsészettudományok 
650 4 |a Social sciences 
650 4 |a Media and communications 
650 4 |a Media and socio-cultural communication 
650 4 |a Cultural studies, cultural diversity 
700 2 |a T. Molnár Gizella  |e ths 
856 4 0 |u http://diploma.bibl.u-szeged.hu/id/eprint/105492/1/1995_gyulai_edina.pdf  |z Dokumentum-elérés